000 01080nam a2200301 a 4500
001 000115246
003 CHAP
005 20220329144525.0
008 190121s2018 mx sm |||||||spa d
010 _a111707
011 _a112679
040 _cCHAP
090 _aTesis
100 1 _aRivera Lozoya, Darío.
_9135467
245 1 0 _aInfluencia del ácido cítrico en la absorción y traslocación de nutrientes en lechuga (Lactuca sativa L.)
_h[En línea]
_cpor Darío Rivera Lozoya.
260 _aChapingo, Méx. :
_bEl autor,
_c2018.
500 _aPara ver el contenido del material haga clic en la liga
502 _aTesis (M. C. en Horticultura) -- UACH. Departamento de Fitotecnia
590 _aE5765TAJ
_b05
_c20190121
_lUCH01
_h0956
590 _aE5765TAJ
_b05
_c20190121
_lUCH01
_h0957
650 1 4 _aÁcido cítrico
_xEfeto en lechuga.
_9135468
650 1 4 _aLechuga
_xCrecimiento.
_965456
650 1 4 _aSoluciones nutritivas.
_9108527
856 _aFinding aid
_uhttp://10.13.5.2/tesis/sist115246.pdf
_zTeclea aquí
901 _aBK
942 _cTESIS
942 _n0
999 _c111707
_d111707